African Cities A-Z - Statistics

General Stats
  • This quiz has been taken 713 times
  • The average score is 17 of 24
Answer Stats
Hint City % Correct
C Largest city in Africa Cairo
94%
N Biggest city in East Africa; Kenya Nairobi
94%
P Executive capital of South Africa Pretoria
92%
R Moroccan capital Rabat
92%
J Largest city in South Africa Johannesburg
89%
L Port in southwest Nigeria Lagos
89%
V Seychellois city and British queen Victoria
88%
A Famous lighthouse and library Alexandria
87%
G Home to the Great Pyramid Giza
86%
F Also a type of hat; in Morocco Fez
85%
K Across the Congo from Brazzaville Kinshasa
85%
W Namibian capital Windhoek
84%
T Capital in present-day Carthage Tunis
83%
Z On an island off Tanzania Zanzibar
82%
O Capital of Burkina Faso Ouagadougou
71%
D Namesake of a Red Sea state Djibouti
69%
M City named after American president Monrovia
69%
B Libyan city with a consulate Benghazi
62%
H Called Salisbury until 1982 Harare
57%
Y Capital of Côte d'Ivoire Yamoussoukro
54%
I Ìlú Ẹ̀bá-Ọ̀dàn; capital of Oyo, Nigeria Ibadan
34%
S In S. Africa; also type of antelope Springbok
27%
E Moroccan city on Atlantic; Mogador Essaouira
14%
Q Egypt; called Cainepolis in antiquity Qena
4%
No matching quizzes found
Score Distribution
Percent of People with Each Score
Percentile by Number Answered
Your Score History
You have not taken this quiz